LEADER 01012cam0 22002651 450 001 SOBE00032622 005 20130502120311.0 100 $a20130502d1976 |||||ita|0103 ba 101 $afre 102 $aFR 200 1 $aBanques & banquiers en autriche au debut du 20. siecle$fBernard Michel 210 $as.l.$cPresses de la fondation nationale des sciences politiques$d1976 215 $a404 p.$d25 cm 225 2 $aCahiers de la Fondation Nationale des Sciences Politiques 410 1$1001LAEC00025422$12001 $a*Cahiers de la Fondation Nationale des Sciences Politiques 700 1$aMichel$b, Bernard$3SOBA00006811$4070$0410733 801 0$aIT$bUNISOB$c20130502$gRICA 850 $aUNISOB 852 $aUNISOB$j330$m35448 912 $aSOBE00032622 940 $aM 102 Monografia moderna SBN 941 $aM 957 $a330$b000562$gSI$d35448$1rovito$2UNISOB$3UNISOB$420130502115430.0$520130502115453.0$6rovito 996 $aBanques & banquiers en autriche au debut du 20. siecle$91715603 997 $aUNISOB LEADER 02639nam 2200613 a 450 001 9910457970203321 005 20200520144314.0 010 $a1-281-86757-8 010 $a9786611867577 010 $a1-86094-855-3 035 $a(CKB)1000000000399070 035 $a(StDuBDS)AH24683033 035 $a(SSID)ssj0000120250 035 $a(PQKBManifestationID)11133138 035 $a(PQKBTitleCode)TC0000120250 035 $a(PQKBWorkID)10095904 035 $a(PQKB)10524791 035 $a(MiAaPQ)EBC1681273 035 $a(WSP)0000P516 035 $a(Au-PeEL)EBL1681273 035 $a(CaPaEBR)ebr10255508 035 $a(CaONFJC)MIL186757 035 $a(OCoLC)879025123 035 $a(EXLCZ)991000000000399070 100 $a20070703d2007 uy 0 101 0 $aeng 135 $aur||||||||||| 181 $ctxt 182 $cc 183 $acr 200 10$aCharts for prediction and chance$b[electronic resource] $edazzling diagrams on your PC /$fMario Markus 210 $aLondon $cImperial College Press ;$aSingapore ;$aHackensack, NJ $cDistributed by World Scientific$dc2007 215 $a1 online resource (xi, 287 p. ) $cill. (some col.) 300 $aBibliographic Level Mode of Issuance: Monograph 311 $a1-86094-835-9 320 $aIncludes bibliographical references (p. 241-247) and index. 327 $aThe Useful and the Beautiful; The "Object Trouve" in Mathematics; The Mondrian Experiments; An Anecdotic Report on Chaos; A Case Submitted to Court; Calculations of the "Charts for Prediction and Chance"; Significance of Discrete Maps; Maps with Scientific Applications; Maps of Generic Significance; Are These Diagrams Fractals?; What Can We Learn from These Diagrams?; Appendices: Glossary; Abbreviations; Instructions for Using the CD-ROM. 330 $aAims to bring together two disciplines - science and art - and enables readers to produce their own computer-generated displays. This title includes forty-four colour plates and 200 black and white pictures which showcase the diagrams that can easily be reproduced using the accompanying CD-ROM. 606 $aComputer science$xMathematics 606 $aComputer art 606 $aComputer graphics 608 $aElectronic books. 615 0$aComputer science$xMathematics. 615 0$aComputer art. 615 0$aComputer graphics. 676 $a001.4/226028566 700 $aMarkus$b M$g(Mario),$f1944-$0881363 801 0$bMiAaPQ 801 1$bMiAaPQ 801 2$bMiAaPQ 906 $aBOOK 912 $a9910457970203321 996 $aCharts for prediction and chance$91968385 997 $aUNINA LEADER 01792nam 2200493 450 001 9910707911903321 005 20170223102232.0 035 $a(CKB)5470000002469454 035 $a(OCoLC)973486608 035 $a(EXLCZ)995470000002469454 100 $a20170223j199611 ua 0 101 0 $aeng 135 $aurbn||||||||| 181 $ctxt$2rdacontent 182 $cc$2rdamedia 183 $acr$2rdacarrier 200 10$aAnalytical methodology for predicting the onset of widespread fatigue damage in fuselage structure /$fC.E. Harris [and three others] 210 1$aHampton, Virginia :$cNational Aeronautics and Space Administration, Langley Research Center,$dNovember 1996. 215 $a1 online resource (25 pages) $cillustrations 225 1 $aNASA technical memorandum ;$v110293 300 $a"November 1996." 300 $a"Performing organization: NASA Langley Research Center" Report documentation page. 320 $aIncludes bibliographical references (pages 15-16). 606 $aFuselages$2nasat 606 $aResidual strength$2nasat 606 $aCrack initiation$2nasat 606 $aCrack propagation$2nasat 606 $aFatigue (materials)$2nasat 606 $aComputer programs$2nasat 615 7$aFuselages. 615 7$aResidual strength. 615 7$aCrack initiation. 615 7$aCrack propagation. 615 7$aFatigue (materials) 615 7$aComputer programs. 700 $aHarris$b Charles E.$f1950-$01395080 702 $aAbeyounis$b William Kelly 712 02$aLangley Research Center, 801 0$bGPO 801 1$bGPO 906 $aBOOK 912 $a9910707911903321 996 $aAnalytical methodology for predicting the onset of widespread fatigue damage in fuselage structure$93467457 997 $aUNINA